| 000 | 00652nam a2200241 a 4500 | ||
|---|---|---|---|
| 008 | |||
| 020 | _a0713132590 (cased) | ||
| 049 | _aMAIN | ||
| 090 | _aTA405 | ||
| 100 | _aCase, John | ||
| 245 |
_aStrength of materials and structures / _cJohn Case, A. H. Chilver |
||
| 250 | _a2nd ed. | ||
| 260 |
_aLondon : _bEdward Arnold, _c1971. |
||
| 300 |
_axii, 404 p. ; _c24 cm. |
||
| 500 | _aIncludes index. | ||
| 650 | _aMechanics, Applied. | ||
| 700 | _aChilver, A. H. | ||
| 907 |
_a.b10092742 _b07-11-07 _c19-11-03 |
||
| 003 | |||
| 005 | 20230123133640.0 | ||
| 040 | _cNUST | ||
| 942 |
_cBOOKS _kTA405 |
||
| 999 |
_c152239 _d152239 |
||